Nihon kinsei gaikōshi / (Record no. 34882)

MARC details
000 -LEADER
fixed length control field 00850cam a2200265 a 4500
001 - CONTROL NUMBER
control field j 59002400
003 - CONTROL NUMBER IDENTIFIER
control field DLC
005 - DATE AND TIME OF LATEST TRANSACTION
control field 20260227111518.0
008 - FIXED-LENGTH DATA ELEMENTS--GENERAL INFORMATION
fixed length control field 960911s1938 ja 000 0 jpn d
010 ## - LIBRARY OF CONGRESS CONTROL NUMBER
LC control number j 59002400
035 ## - SYSTEM CONTROL NUMBER
System control number (CStRLIN)DCLP96-B14677
040 ## - CATALOGING SOURCE
Original cataloging agency HU
Transcribing agency HU
Modifying agency DLC-R
-- DLC
042 ## - AUTHENTICATION CODE
Authentication code lccopycat
043 ## - GEOGRAPHIC AREA CODE
Geographic area code a-ja---
050 00 - LIBRARY OF CONGRESS CALL NUMBER
Classification number DS881.96
Item number .W37
066 ## - CHARACTER SETS PRESENT
Alternate G0 or G1 character set $1
100 1# - MAIN ENTRY--PERSONAL NAME
Linkage 880-01
Personal name Watanabe, Ikujirō,
Dates associated with a name 1877-
245 10 - TITLE STATEMENT
Linkage 880-02
Title Nihon kinsei gaikōshi /
Statement of responsibility, etc. Watanabe Ikujirō cho.
260 ## - PUBLICATION, DISTRIBUTION, ETC.
Linkage 880-03
Place of publication, distribution, etc. Tōkyō :
Name of publisher, distributor, etc. Chikura Shobō,
Date of publication, distribution, etc. Shōwa 13 [1938]
300 ## - PHYSICAL DESCRIPTION
Extent 7, 494 p. ;
Dimensions 23 cm.
651 #0 - SUBJECT ADDED ENTRY--GEOGRAPHIC NAME
Geographic name Japan
General subdivision Foreign relations
Chronological subdivision 1868-
880 1# - ALTERNATE GRAPHIC REPRESENTATION
Linkage 100-01/$1
a 渡邊幾治郎,
d 1877-
880 10 - ALTERNATE GRAPHIC REPRESENTATION
Linkage 245-02/$1
a 日本近世外交史 /
c 渡邊幾治郎著.
880 ## - ALTERNATE GRAPHIC REPRESENTATION
Linkage 260-03/$1
a 東京 :
b 千倉書房,
c 昭和 13 [1938]

No items available.

Powered by Koha